| 000 | 00700nam a2200193Ia 4500 | ||
|---|---|---|---|
| 003 | GCL | ||
| 008 | 140319s9999 xx 000 0 ara d | ||
| 040 |
_aGCL / _cGCL |
||
| 082 | 0 | 4 |
_a915.56 _bم و |
| 100 | 1 | _aفيليب رفلة | |
| 245 | 1 | 0 |
_aجغرافية الوطن العربى: دراسة طبيعية اقتصادية سياسية مع دراسة شاملة للدول العربية / _cفيليب رفلة |
| 700 | 1 | _aاحمد سامى مصطفى | |
| 300 | _a423 ص | ||
| 490 |
_aالهيئة العامة للاستعلامات _v0 |
||
| 650 | 0 | 4 | _aالوطن العربى |
| 650 | 0 | 4 | _aالجغرافيا |
| 650 | 0 | 4 | _aالعالم العربى - جغرافيا |
| 942 |
_2ddc _cBK |
||
| 999 |
_c49732 _d49732 |
||